000 00303nam a22001337a 4500
008 170227b xxu||||| |||| 00| 0 eng d
020 _a9780683038637
041 _aeng
080 _a577
100 _a5
101 _aSHMB
245 _aBIOMECHANICAL BASIC HUMAN MOVEMENT
_cHAMILL.J
942 _2udc
_cBK
999 _c6312
_d6312